书目信息 |
| 题名: |
电磁兼容原理及应用教程
|
|
| 作者: | 郭银景 编著 | |
| 分册: | ||
| 出版信息: | 北京 清华大学出版社 2004.1 |
|
| 页数: | 321页 | |
| 开本: | 26cm | |
| 丛书名: | 高等院校电子技术系列教材 | |
| 单 册: | ||
| 中图分类: | TN03-43 | |
| 科图分类: | ||
| 主题词: | 电磁兼容性--dian ci jian rong xing--高等学校--教材 , 电磁兼容性--dian ci jian rong xing | |
| 电子资源: | ||
| ISBN: | 7-302-07999-4 | |
| 000 | 01245cam2 2200301 450 | |
| 001 | 012005038062 | |
| 005 | 20051110101010.1 | |
| 010 | @a7-302-07999-4@dCNY28.00 | |
| 100 | @a20050716d2004 em y0chiy0121 ea | |
| 101 | 0 | @achi |
| 102 | @aCN@b110000 | |
| 105 | @af z 000yy | |
| 200 | 1 | @a电磁兼容原理及应用教程@Adian ci jian rong yuan li ji ying yong jiao cheng@f郭银景等编著 |
| 210 | @a北京@c清华大学出版社@d2004.1 | |
| 215 | @a321页@c图@d26cm | |
| 225 | 2 | @a高等院校电子技术系列教材@Agao deng yuan xiao dian zi ji shu xi lie jiao cai |
| 304 | @a本书编著者为:郭银景、吕文红、杨阳等 | |
| 320 | @a有书目(第319-321页) | |
| 330 | @a本书主要包括电磁兼容的基本概念和原理,各种电磁干扰产生的机理、危害和防护措施,电磁兼容的测试与预测,人体电磁兼容原理、电磁波的生物效应和电磁波的防护等。 | |
| 333 | @a阅读对象:电子信息、电气及其自动化、通信工程、计算机科学与技术、电子科学技术、仪器和测试技术等专业的师生 | |
| 461 | 0 | @12001 @a高等院校电子技术系列教材 |
| 606 | 0 | @a电磁兼容性@Adian ci jian rong xing@x高等学校@j教材 |
| 606 | 0 | @a电磁兼容性@Adian ci jian rong xing |
| 690 | @aTN03-43@v4 | |
| 701 | 0 | @a郭银景@Aguo yin jing@4编著 |
| 801 | 0 | @aCN@bSRXX@c20040616 |
| 801 | 2 | @aCN@bSRXX@c20051110 |
| 905 | @a10447@dTN03-43@eG860 | |
| 电磁兼容原理及应用教程/郭银景等编著.-北京:清华大学出版社,2004.1 |
| 321页:图;26cm.-(高等院校电子技术系列教材) |
| 使用对象:阅读对象:电子信息、电气及其自动化、通信工程、计算机科学与技术、电子科学技术、仪器和测试技术等专业的师生 |
| ISBN 7-302-07999-4:CNY28.00 |
| 本书主要包括电磁兼容的基本概念和原理,各种电磁干扰产生的机理、危害和防护措施,电磁兼容的测试与预测,人体电磁兼容原理、电磁波的生物效应和电磁波的防护等。 |
| ● |
| 相关链接 |
|
|
|
正题名:电磁兼容原理及应用教程
索取号:TN03-43/G860
 
预约/预借
| 序号 | 登录号 | 条形码 | 馆藏地/架位号 | 状态 | 备注 |
| 1 | 544603 | 205446034 | 自科库301/301自科库 24排4列4层/ [索取号:TN03-43/G860] | 在馆 | |
| 2 | 544604 | 205446043 | 自科库301/301自科库 24排4列4层/ [索取号:TN03-43/G860] | 在馆 | |
| 3 | 544605 | 205446052 | 自科二线404/301自科库 18排1列2层/ [索取号:TN03-43/G860] | 在馆 |